000 00634nam a2200229Ia 4500
003 OSt
005 20220926023320.0
006 a|||||r|||| 00| 0
007 ta
008 220923b |||||||| |||| 00| 0 eng d
037 _cGeneral Book
040 _aRTL
_cRTL
_beng
041 _2eng
_aeng
082 _aX62.973.N91r, N1/GD
110 _aBANK OF NEW ZEALAND.
_9328955
245 0 _aHalf yearly report.
260 _aNew
_bZealand Bank of New Zealand
_c1991
300 _a16p.
_ccm.
700 _aBANK OF NEW ZEALAND.
_9328956
942 _hX62.973.N91r, N1/GD
_cGB
_2CC
999 _c641423
_d641423